Estadísticas para Súper sangre joven (Duki)

Haz click aquí para intentar la prueba.

Estadísticas generales

  • Esta prueba ha sido intentada 7 veces
  • La puntuación promedio es 7 de 10

Estadísticas de respuestas

ColaboracionesCanciones% Correcto
Ysy AA punta de espada
100%
Sfera Ebbasta y Eladio CarriónOne Million Dollar Baby
83%
C. Tangana, Khea y LeebrianIt's a Vibe
67%
AlemánMe gusta lo simple
67%
Perdón
67%
Señorita
67%
Goteo
50%
KheaHitboy
50%
Marcianos Crew y Lucho SSJLa jefatura
50%
Te traje flores
50%

Distribución de puntuación

Porcentaje por número respondido

Porcentaje de gente con cada puntuación

Historial de tus puntuaciones

No has intentado esta prueba.